Horečky v Kutné Hoře? : průvodce městem, jeho uměním a příběhem /
Uloženo v:
| Další autoři: | , , |
|---|---|
| Médium: | E-kniha |
| Jazyk: | Czech |
| Vydáno: |
Brno :
Masarykova univerzita,
2025
|
| Vydání: | První vydání |
| Edice: | Zápisky z cest
|
| Témata: | |
| Tagy: |
Žádné tagy |
| LEADER | 02633cam a2200637 i 4500 | ||
|---|---|---|---|
| 001 | 301514 | ||
| 003 | CZ PrSKC | ||
| 005 | 20260430063208.0 | ||
| 007 | ta | ||
| 008 | 250917s2025 xr acehe f 001 0 cze d | ||
| 015 | |a cnb003705934 | ||
| 020 | |a 9788028007522 |q (brožováno) | ||
| 035 | |a (OCoLC)1559932066 | ||
| 040 | |a KLG001 |b cze |d OLA001 |e rda | ||
| 041 | 0 | |a cze |b eng | |
| 043 | |a e-xr--- |b e-xr-st |2 czenas | ||
| 072 | 7 | |a 908(437) |x Vlastivěda Česka a Slovenska |2 Konspekt | |
| 080 | |a 72:904 |2 MRF | ||
| 080 | |a 904 |2 MRF | ||
| 080 | |a 27-52:904 |2 MRF | ||
| 080 | |a 711.4 |2 MRF | ||
| 080 | |a 908(437.312) |2 MRF | ||
| 080 | |a (437.312) |2 MRF | ||
| 080 | |a (036) |2 MRF | ||
| 245 | 0 | 0 | |a Horečky v Kutné Hoře? : |b průvodce městem, jeho uměním a příběhem / |c Ivan Foletti, Jan Galeta, Tomáš Valeš edd. |
| 250 | |a První vydání | ||
| 264 | 1 | |a Brno : |b Masarykova univerzita, |c 2025 | |
| 300 | |a 135 stran : |b ilustrace (převážně barevné), portréty, plány, faksimile ; |c 16 cm + |e 4 pohlednice | ||
| 336 | |a text |b txt |2 rdacontent | ||
| 337 | |a bez média |b n |2 rdamedia | ||
| 338 | |a svazek |b nc |2 rdacarrier | ||
| 490 | 1 | |a Zápisky z cest | |
| 500 | |a Pohlednice k vystřižení všity na konci publikace | ||
| 504 | |a Obsahuje bibliografii a rejstříky | ||
| 546 | |a Anglické resumé | ||
| 650 | 0 | 7 | |a architektonické památky |7 ph118585 |z Česko |2 czenas |
| 650 | 0 | 7 | |a kulturní památky |7 ph115033 |z Česko |2 czenas |
| 650 | 0 | 7 | |a církevní památky |7 ph114287 |z Česko |2 czenas |
| 650 | 0 | 7 | |a urbanismus |7 ph116541 |z Česko |2 czenas |
| 650 | 0 | 9 | |a architectural monuments |z Czechia |2 eczenas |
| 650 | 0 | 9 | |a cultural monuments |z Czechia |2 eczenas |
| 650 | 0 | 9 | |a church antiquities |z Czechia |2 eczenas |
| 650 | 0 | 9 | |a city planning |z Czechia |2 eczenas |
| 651 | 7 | |a Kutná Hora (Česko) |7 ge129717 |x vlastivěda a dějiny |2 czenas | |
| 651 | 9 | |a Kutná Hora (Czechia) |x local history and geography |2 eczenas | |
| 655 | 7 | |a průvodce |7 fd133154 |2 czenas | |
| 655 | 9 | |a guidebooks |2 eczenas | |
| 700 | 1 | |a Foletti, Ivan, |d 1980- |7 mzk2010595361 |4 edt | |
| 700 | 1 | |a Galeta, Jan, |d 1982- |7 xx0072549 |4 edt | |
| 700 | 1 | |a Valeš, Tomáš, |d 1984- |7 mzk2009521608 |4 edt | |
| 830 | 0 | |a Zápisky z cest | |
| 900 | |a ABA001 |b 19 | ||
| 044 | |a xr | ||
| 910 | |a RBIT002 | ||
| 998 | |d 426550 |a https://core.palmknihy.cz/api/books/426550/cover?te9313 |b https://core.palmknihy.cz/api/books/426550/cover/400?te9313 |c https://core.palmknihy.cz/api/books/426550/cover/50?te9313 |e 2095-08-25 |g 135 |i 9788028007522 |k https://core.palmknihy.cz/api/books/426550/preview.pdf |l |q 49 |r 1 |s https://www.palmknihy.cz/kniha/426550 |t ebook |y 2025 |z 0 | ||
| 999 | |d 301512 | ||